Anales pintorescos de la era revolucionaria desde 1789 hasta nuestros días (Record no. 24321)
[ view plain ]
| 000 -LEADER | |
|---|---|
| campo de control de longitud fija | 00848nam a2200157 i 4500 |
| 001 - NÚMERO DE CONTROL | |
| campo de control | 24321 |
| 003 - IDENTIFICADOR DE NÚMERO DE CONTROL | |
| campo de control | ES-MaACL |
| 005 - FECHA Y HORA DE LA ÚLTIMA TRANSACCIÓN | |
| campo de control | 20230906153028.0 |
| 007 - CAMPO FIJO DE DESCRIPCIÓN FÍSICA--INFORMACIÓN GENERAL | |
| campo de control de longitud fija | t| |
| 008 - DATOS DE LONGITUD FIJA--INFORMACIÓN GENERAL | |
| campo de control de longitud fija | 021217s1845 sp ||||1| spa d |
| 245 00 - MENCIÓN DEL TÍTULO | |
| Título | Anales pintorescos de la era revolucionaria desde 1789 hasta nuestros días |
| Resto del título | obra adornada con grandes y magníficas láminas grabadas en acero que representan los sucesos más famosos, las batallas más memorables y los hombres más célebres de la Revolución francesa, del Imperio, de la Restauración, y del reinado de Luis Felipe / |
| Mención de responsabilidad, etc. | texto según Bignon, [et al.]. |
| 260 ## - PUBLICACIÓN, DISTRIBUCIÓN, ETC. | |
| Lugar de publicación, distribución, etc. | Madrid : |
| Nombre del editor, distribuidor, etc. | Librería de la Señora V. de Razola, |
| Fecha de publicación, distribución, etc. | 1845 ( |
| Lugar de fabricación/manufactura | Barcelona : |
| Fabricante | Imp. de Llorens, Hermanos) |
| 300 ## - DESCRIPCIÓN FÍSICA | |
| Extensión | 357, III p., [68] h. de grab. ; |
| Dimensiones | 32 cm. |
| 700 1# - ENTRADA AGREGADA--NOMBRE PERSONAL | |
| Nombre de persona | Bignon, Louis Pierre Edouard |
| Títulos y otros términos asociados al nombre | , Barón. |
| 9 (RLIN) | 28841 |
| 852 ## - LOCALIZACIÓN | |
| Ubicación | ES-MaACL |
| Número de control de estantería | F-3547 |
| Estatus retirado | Estado de pérdida | Estado de daño | No para préstamo | Colección | Biblioteca de origen | Biblioteca actual | Ubicación en estantería | Fecha de adquisición | Fuente de adquisición | Total de préstamos | Signatura topográfica completa | Código de barras | Visto por última vez | Precio de reemplazo | Tipo de ítem Koha |
|---|---|---|---|---|---|---|---|---|---|---|---|---|---|---|---|
| Libros del s. XIX | Biblioteca del Ateneo de Madrid | Biblioteca del Ateneo de Madrid | Depósito 2 | 17/01/2008 | F-3547 | 1025077 | 23/02/2023 | 23/02/2023 | Libro impreso antiguo |
